00341nam a2200121Ia 45000010005000000080041000050820023000461000062000692450022001312600024001539010027001779990015002044243241024s9999 xx 000 0 und d aRD/352.97293/C733m aComisión presidencial de apoyo al desarrollo provincial 0aMemoria 2012-2016 bSanto Domingoc2016 a23/8/2016 3:32:21 p.m. c9459d9459